Title in the Lyrics - Alice in Chains - Statistics

General Stats
  • This quiz has been taken 47 times
  • The average score is 6 of 16
Answer Stats
Answer % Correct
I'm the {man} {in} {the} {box} / Buried in my shit
93%
{Down} {in} {a} {hole} and I don't know if I can be saved
88%
These stand for me / Name your god and {bleed} {the} {freak}
88%
Like the coldest winter chill / {Heaven} {beside} {you}, hell within
69%
I believe {them} {bones} are me
52%
Let me sleep so my teeth won't {grind}
40%
Say goodbye, {don't} {follow} / Misery so hollow
33%
So fall and crawl away / And {brush} {away} loose ground
24%
Can I be as my {god} {am}? / Can you be as {god} {am}?
21%
Well, it's {over} {now} / Yet I can see somehow
21%
Lay down, {black} {gives} {way} {to} {blue} / Lay down, I'll remember you
19%
You know, I don't need you / I just can't {put} {you} {down}
17%
Blowing up like a {red} {giant} / Expansive, a star
10%
If you loved me would you call me a {social} {parasite}?
10%
I'm the {last} {of} {my} {kind} still standing
7%
Everybody, listen / {Voices} in my head
5%
No matching quizzes found
Score Distribution
Percent of People with Each Score
Percentile by Number Answered
Your Score History
You have not taken this quiz